000 00396nam a2200145Ia 4500
008 150509s9999 xx 000 0 und d
082 _a320.5 POL
100 _aBarker, Ernest
245 4 _aThe politics of Aristotle; translated
260 _aBombay:
260 _bOxford University Press
260 _c1977
500 _aIncludes notes, introduction and appendixes
650 _aPolitical science
999 _c6179
_d6179